La pérdida del capital social como causal de disolución de las sociedades comerciales (Registro nro. 3384)
[ vista simple ]
| 000 -LEADER | |
|---|---|
| fixed length control field | 01508 a2200229 4500 |
| 001 - CONTROL NUMBER | |
| control field | 41116 |
| 005 - DATE AND TIME OF LATEST TRANSACTION | |
| control field | 20260407155705.0 |
| 008 - FIXED-LENGTH DATA ELEMENTS--GENERAL INFORMATION | |
| fixed length control field | 260407a2002 arg spa d |
| 003 - CONTROL NUMBER IDENTIFIER | |
| control field | AR-UNSa-BCEJYS |
| 040 ## - CATALOGING SOURCE | |
| Original cataloging agency | AR-UNSa-BCEJYS |
| Language of cataloging | spa |
| Transcribing agency | AR-UNSa-BCEJYS |
| 080 ## - UNIVERSAL DECIMAL CLASSIFICATION NUMBER | |
| Universal Decimal Classification number | 347.72.04 |
| Common auxiliary subdivision | Modificación legal de las condiciones de la sociedad. Extinción. Disolución. Liquidación. Reconstitución. Fusión |
| 020 ## - INTERNATIONAL STANDARD BOOK NUMBER | |
| International Standard Book Number | 950-894-362-9 |
| 041 ## - LANGUAGE CODE | |
| Language code of text/sound track or separate title | spa |
| 100 1# - MAIN ENTRY--PERSONAL NAME | |
| Personal name | Nissen, Ricardo Augusto |
| 245 10 - TITLE STATEMENT | |
| Title | La pérdida del capital social como causal de disolución de las sociedades comerciales |
| 264 #1 - PRODUCTION, PUBLICATION, DISTRIBUTION, MANUFACTURE, AND COPYRIGHT NOTICE | |
| Place of production, publication, distribution, manufacture | Buenos Aires : |
| Name of producer, publisher, distributor, manufacturer | AD-HOC |
| Date of production, publication, distribution, manufacture, or copyright notice | 2002 |
| 300 ## - PHYSICAL DESCRIPTION | |
| Extent | 126 p. |
| Dimensions | 23 cm. |
| 505 ## - FORMATTED CONTENTS NOTE | |
| Formatted contents note | 1. Breves conceptos sobre la disolución de la sociedad comercial - 2. La importancia del capital social en las sociedades comerciales - 3. La disolución de la sociedad por pérdida de su capital social - 4. Procedimientos para evitar la causal disolutoria de pérdida del capital social (primera parte)- 5. Procedimientos para evitar la causal disolutoria de pérdida del capital social (segunda parte) - 6. Revocación de la causal disolutoria de pérdida del capital social - 7. Situación de la sociedad que ignora la pérdida del capital social - 8. La suspensión de la operatividad de la causal de disolución por pérdida del capital social. El decreto 1269/02 |
| 590 ## - LOCAL NOTE (RLIN) | |
| Local note | niveau_biblio:m niveau_hierar:0 |
| 856 41 - ELECTRONIC LOCATION AND ACCESS | |
| Uniform Resource Identifier | <a href="https://biblioeco.unsa.edu.ar/pmb/images/libros/L126377.jpg">https://biblioeco.unsa.edu.ar/pmb/images/libros/L126377.jpg</a> |
| Link text | Imagen de portada |
| Electronic format type | image/jpeg |
| 942 ## - ADDED ENTRY ELEMENTS (KOHA) | |
| Koha item type | |
| Withdrawn status | Lost status | Damaged status | Not for loan | Home library | Current library | Shelving location | Date acquired | Total checkouts | Full call number | Barcode | Date last seen | Price effective from | Koha item type |
|---|---|---|---|---|---|---|---|---|---|---|---|---|---|
| Biblioteca Prof. Eusebio Cleto del Rey | Biblioteca Prof. Eusebio Cleto del Rey | 07/04/2026 | 347.72.04 N726 | L126377 | 07/04/2026 | 07/04/2026 | Libro |